000 01727cam a22004092 4500
001 0000025362
005 20151217154524.0
008 150819s xx 000 0 eng d
020 _a9966153265 :
040 _aKABU
_cKABU
100 1 _aBakibinga, David.
_@0000186012
245 1 0 _aPartnership Law in Uganda /
_cby David Bakibinga.
260 _aUganda :
_bLawAfrica,
_c2011.
300 _a 195 p.
908 _a150819
950 _@1
999 _c11661
_d11661